00690nam a22002057a 4500003000400000005001700004008004100021020001800062040002900080050002500109100002400134245006500158260003100223300002700254650002900281700002200310942001500332952012000347999001700467OSt20250731143145.0250731b |||||||| |||| 00| 0 eng d a9781412953863 cChuka University Library aLB 1029b.R4B49 2007 aBender. W N,920754 aResponse To Intervention a Practical Guide For Every Teacher aLondonbCorwin Pressc2007 a147 P.bIncludes Index aRemedial Teaching920755 aShores, C.920756 2lcccBKn0 00102lcc4070aCHKbCHGcGENd2025-07-31l0oLB 1029 .R4B46 2009p27847/2025r2025-07-31 14:34:14w2025-07-31yBK c20078d20078